Statistics for Most Visited Countries by Bulgarians

Click here to take the quiz!

General Stats

  • This quiz has been taken 256 times
  • The average score is 5 of 5

Answer Stats

No.tourists Destination % Correct
866,609Greece
99%
1,106,903Turkey
95%
321,546Romania
94%
316,416Serbia
89%
327,033Macedonia
78%

Score Distribution

Percentile by Number Answered

Percent of People with Each Score

Your Score History

You have not taken this quiz